[Event "K41 Aabent Mesterskab 2005-06"]
[Site "Copenhagen"]
[Date "2006.01.31"]
[Round "7"]
[White "Opstrup, Niels"]
[Black "Joensen, Hjalmar"]
[Result "0-1"]
[WhiteElo "1240"]
[BlackElo "1423"]
[PlyCount "106"]
[EventDate "2005.??.??"]


1. d4 Nf6 2. c4 g6 3. Nc3 Bg7 4. e4 d6 5. Be2 O-O 6. Bg5 Nbd7 7. Nh3 e5 8. d5
a6 9. f3 Qe8 10. g4 Nb6 11. Nf2 h6 12. Be3 Nfd7 13. h4 Qe7 14. Qd2 Kh7 15. g5
h5 16. Nd3 Nxc4 17. Qc1 Nxe3 18. Qxe3 b5 19. a3 Nb6 20. Nb4 Bb7 21. O-O Qd7 22.
Kg2 Rae8 23. f4 exf4 24. Rxf4 f6 25. Raf1 f5 26. Qh3 fxe4 27. Qxd7 Nxd7 28.
Rxf8 Nxf8 29. Rf4 e3 30. Rf7 Rc8 31. Re7 Kg8 32. Rxe3 Kf7 33. Bd3 Re8 34. Rf3+
Kg8 35. Kf2 Bd4+ 36. Kf1 Kg7 37. Nc2 Bxc3 38. bxc3 Bxd5 39. Rf6 Be4 40. Ke2
Bxd3+ 41. Kxd3 Nd7 42. Rf4 Rf8 43. Rxf8 Kxf8 44. Kd4 c6 45. c4 Ke7 46. Ne3 Ke6
47. cxb5 axb5 48. Ng2 c5+ 49. Kc3 Ke5 50. Ne3 d5 51. Nc2 Kf4 52. Ne1 Ne5 53.
Ng2+ Kg3 0-1

[Event "K41 Aabent Mesterskab 2005-06"]
[Site "Copenhagen"]
[Date "2006.01.31"]
[Round "7"]
[White "Rubin, Jacob"]
[Black "Katzmann, Svend Aage"]
[Result "1/2-1/2"]
[WhiteElo "1745"]
[BlackElo "1388"]
[PlyCount "112"]
[EventDate "2005.??.??"]


1. Nf3 d5 2. d4 Nf6 3. e3 Bg4 4. Be2 Nbd7 5. h3 Bh5 6. Nbd2 e6 7. a3 c6 8. c4
Bd6 9. c5 Bc7 10. b4 b6 11. Qa4 b5 12. Qd1 a5 13. Bb2 axb4 14. axb4 Rxa1 15.
Qxa1 O-O 16. Bd3 Bg6 17. Bxg6 hxg6 18. O-O Qa8 19. Qc1 Qb7 20. Ne5 Nxe5 21.
dxe5 Nd7 22. Nf3 Ra8 23. Rd1 Ra4 24. Qc3 Qa8 25. e4 Nf8 26. exd5 exd5 27. Ng5
Ne6 28. Nxe6 fxe6 29. Rd3 Qe8 30. Rg3 Ra8 31. Qf3 Qf7 32. Bd4 Qf5 33. Qe2 Qb1+
34. Kh2 Rf8 35. Qg4 Qf5 36. Qxg6 Qxg6 37. Rxg6 Kf7 38. Rg4 Kg8 39. f4 Ra8 40.
Rg3 Kh7 41. Rb3 Ra2 42. Rb2 Rxb2 43. Bxb2 Bd8 44. Kg3 Kg6 45. Kg4 Kf7 46. h4 g6
47. Bd4 Be7 48. Kh3 Bf8 49. g4 Bh6 50. Kg3 Bf8 51. Kf3 Bh6 52. Be3 Bg7 53. g5
Kg8 54. Kg4 Kf7 55. Bd4 Bf8 56. h5 Be7 1/2-1/2

[Event "K41 Aabent Mesterskab 2005-06"]
[Site "Copenhagen"]
[Date "2006.01.31"]
[Round "7"]
[White "Sorensen, Ken"]
[Black "Nielsen, Soren Skovso"]
[Result "0-1"]
[WhiteElo "1383"]
[BlackElo "1638"]
[PlyCount "94"]
[EventDate "2005.??.??"]


1. e4 c5 2. Ne2 d6 3. d4 cxd4 4. Nxd4 Nf6 5. Nc3 g6 6. f3 Nc6 7. Be3 Bg7 8. Qd2
Bd7 9. O-O-O O-O 10. h4 Qa5 11. a3 Rfc8 12. g4 Ne5 13. Be2 a6 14. Nb3 Qd8 15.
h5 Be6 16. hxg6 fxg6 17. Bh6 Bh8 18. Bg5 Qf8 19. Bxf6 Qxf6 20. Qh6 Qg7 21. Nd4
Bc4 22. Bxc4+ Rxc4 23. Rh4 Qxh6+ 24. Rxh6 Nf7 25. Rxh7 Kxh7 26. Rh1+ Kg8 27.
Nde2 Bxc3 28. Nxc3 e6 29. Ne2 Rac8 30. c3 b5 31. Nf4 e5 32. Nxg6 Kg7 33. Ne7
Rh8 34. Nf5+ Kf6 35. g5+ Kxg5 36. Rg1+ Kf6 37. Ne3 Rcc8 38. Nd5+ Ke6 39. Rg6+
Kd7 40. Nb6+ Kc6 41. Nxc8 Rxc8 42. Kd2 Rh8 43. Rg2 Nd8 44. Ke3 Ne6 45. Rg6 Nf4
46. Rg7 Rh2 47. Ra7 Re2# 0-1

[Event "K41 Aabent Mesterskab 2005-06"]
[Site "Copenhagen"]
[Date "2006.01.31"]
[Round "7"]
[White "Truelsen, Ole Illum"]
[Black "Thygesen, Morten"]
[Result "1/2-1/2"]
[WhiteElo "1804"]
[BlackElo "1879"]
[PlyCount "49"]
[EventDate "2005.??.??"]


1. c4 c5 2. Nc3 Nf6 3. g3 e6 4. e4 Nc6 5. Bg2 Be7 6. Nge2 d5 7. exd5 exd5 8.
Nxd5 Nxd5 9. cxd5 Nb4 10. d3 Nxd5 11. a3 O-O 12. O-O Bf6 13. Qc2 b6 14. Nf4
Nxf4 15. Bxf4 Bf5 16. Rfd1 g5 17. Be3 Rc8 18. Be4 Qd7 19. Rac1 Rfe8 20. Bxf5
Qxf5 21. Qa4 Qf3 22. Re1 Bxb2 23. Rb1 Bc3 24. Rf1 Re5 25. Qd7 1/2-1/2

[Event "K41 Aabent Mesterskab 2005-06"]
[Site "Copenhagen"]
[Date "2006.01.31"]
[Round "7"]
[White "Wadtland, Flemming"]
[Black "Krogh, Soren"]
[Result "0-1"]
[WhiteElo "1168"]
[BlackElo "1288"]
[PlyCount "52"]
[EventDate "2005.??.??"]


1. c4 b6 2. d4 e6 3. e4 Bb7 4. f3 f5 5. e5 Bb4+ 6. Nc3 Ne7 7. a3 Bxc3+ 8. bxc3
Na6 9. Rb1 Ng6 10. Nh3 c5 11. Bg5 Qc7 12. Bd3 Rf8 13. Nf4 Nxf4 14. Bxf4 O-O-O
15. d5 h6 16. d6 Qc6 17. Rb5 g5 18. Be3 g4 19. O-O h5 20. Qc2 Rg8 21. f4 h4 22.
Rf2 g3 23. Rf3 gxh2+ 24. Kh1 Rg3 25. Kxh2 Rxf3 26. gxf3 Qxf3 0-1

[Event "K41 Aabent Mesterskab 2005-06"]
[Site "Copenhagen"]
[Date "2006.02.14"]
[Round "8"]
[White "Abildgaard, Kenneth"]
[Black "Opstrup, Niels"]
[Result "1-0"]
[WhiteElo "1560"]
[BlackElo "1240"]
[PlyCount "81"]
[EventDate "2005.??.??"]


1. e4 d5 2. exd5 Nf6 3. c4 c6 4. dxc6 Nxc6 5. Nc3 e5 6. g3 Bf5 7. Bg2 Bd3 8.
Bxc6+ bxc6 9. b3 Bc5 10. Nge2 O-O 11. Na4 Bxf2+ 12. Kxf2 Ng4+ 13. Ke1 Qf6 14.
Rf1 Qg6 15. Bb2 Qe4 16. Nc5 Qg6 17. Nxd3 Qxd3 18. Qb1 Qd7 19. Qf5 Qxf5 20. Rxf5
f6 21. h3 Nh6 22. Rf2 Rad8 23. Kd1 Rd7 24. Kc2 Rfd8 25. Bc3 Rd3 26. Rg1 Nf7 27.
Nc1 R3d7 28. Ba5 Re8 29. d3 Nd6 30. c5 Nb7 31. b4 Rb8 32. Re1 Nxa5 33. bxa5
Rdb7 34. Nb3 Rb4 35. Re4 R4b5 36. d4 Re8 37. dxe5 fxe5 38. Rfe2 Rf8 39. Rxe5
Rbb8 40. Re7 Rf7 41. Re8+ 1-0

[Event "K41 Aabent Mesterskab 2005-06"]
[Site "Copenhagen"]
[Date "2006.02.14"]
[Round "8"]
[White "Akdag, Dara Sevkan"]
[Black "Joensen, Hjalmar"]
[Result "1/2-1/2"]
[WhiteElo "1719"]
[BlackElo "1423"]
[PlyCount "142"]
[EventDate "2005.??.??"]


1. d4 Nf6 2. c4 g6 3. Nf3 Bg7 4. g3 O-O 5. Bg2 d6 6. O-O c6 7. Nc3 Bg4 8. h3
Bxf3 9. Bxf3 d5 10. cxd5 cxd5 11. Qb3 e6 12. Qxb7 Nbd7 13. Bf4 Qb6 14. Qxb6
Nxb6 15. b3 Rfc8 16. Rac1 Ne8 17. Rfd1 a6 18. e4 Nc7 19. Ne2 dxe4 20. Bxe4 Ncd5
21. Bd6 Rxc1 22. Rxc1 Rc8 23. Bc5 g5 24. Nc3 Rc7 25. Bd3 Nxc3 26. Rxc3 Nd5 27.
Rc2 Rc6 28. Be4 h6 29. Bxd5 exd5 30. Re2 Re6 31. Kf1 Bf8 32. Rxe6 fxe6 33. Ke2
Kf7 34. b4 Bg7 35. a4 Ke8 36. b5 axb5 37. axb5 Kd7 38. Kd3 Bf6 39. Kc3 Bd8 40.
Kb4 h5 41. Bf8 Bb6 42. Bg7 Ke7 43. Be5 g4 44. h4 Kd7 45. Kc3 Ba5+ 46. Kd3 Kc8
47. Ke3 Kb7 48. f3 gxf3 49. Kxf3 Kb6 50. g4 hxg4+ 51. Kxg4 Kxb5 52. h5 Bd2 53.
Bf4 Bc3 54. Be5 Bd2 55. Kf3 Bh6 56. Bf4 Bg7 57. Be5 Bh6 58. Bb8 Kc6 59. Ke2 Kd7
60. Kd3 Ke8 61. Kc3 Kf7 62. Be5 Bg7 63. Kb4 Bh6 64. Kc5 Bg5 65. Kd6 Bh6 66. Bh8
Bf4+ 67. Be5 Bh6 68. Kd7 Bf8 69. Bd6 Bg7 70. Be5 Bh6 71. Kc6 Bf8 1/2-1/2

[Event "K41 Aabent Mesterskab 2005-06"]
[Site "Copenhagen"]
[Date "2006.02.14"]
[Round "8"]
[White "Brorsen, Jacob Abildlund"]
[Black "Edoo, Niels"]
[Result "0-1"]
[WhiteElo "1652"]
[BlackElo "1964"]
[PlyCount "60"]
[EventDate "2005.??.??"]


1. d4 c5 2. d5 d6 3. e4 g6 4. f4 Bg7 5. Nf3 Nf6 6. Nc3 O-O 7. h3 e6 8. dxe6
Bxe6 9. Be2 Nh5 10. O-O Ng3 11. Re1 Bxc3 12. bxc3 Nxe4 13. Bb2 Qf6 14. Bd3 Ng3
15. Qd2 c4 16. Bf1 Nc6 17. Qxd6 Rfd8 18. Qc5 Nxf1 19. Rxf1 Qxf4 20. Ng5 Qd6 21.
Qxd6 Rxd6 22. Ne4 Rdd8 23. Ba3 f5 24. Nd6 Rd7 25. Rab1 b6 26. Rbe1 Bf7 27. Rf4
Rad8 28. Nxc4 g5 29. Rxf5 Bxc4 30. Rxg5+ Rg7 0-1

[Event "K41 Aabent Mesterskab 2005-06"]
[Site "Copenhagen"]
[Date "2006.02.14"]
[Round "8"]
[White "Eiholt, Bjarne"]
[Black "Christensen, Henning"]
[Result "0-1"]
[WhiteElo "1588"]
[BlackElo "1623"]
[PlyCount "68"]
[EventDate "2005.??.??"]


1. d4 Nf6 2. c4 e6 3. Nc3 Bb4 4. Qc2 Nc6 5. Nf3 d5 6. cxd5 exd5 7. Bg5 h6 8.
Bh4 g5 9. Bg3 g4 10. Nd2 Nxd4 11. Qa4+ Bd7 12. Qd1 Bxc3 13. bxc3 Ne6 14. e3 Qe7
15. Bd3 h5 16. Bh4 Nf4 17. Bf1 Ng6 18. Bg5 Qe5 19. Bxf6 Qxf6 20. Qb3 Bc6 21.
Qb4 a5 22. Qd4 Qe5 23. Qxe5+ Nxe5 24. Nb3 b6 25. Nd4 Bb7 26. Nb5 Kd7 27. Rd1 c6
28. Nd4 Kc7 29. Be2 Raf8 30. O-O Bc8 31. f4 gxf3 32. Nxf3 Ng4 33. Ng5 f6 34.
Bxg4 hxg4 0-1

[Event "K41 Aabent Mesterskab 2005-06"]
[Site "Copenhagen"]
[Date "2006.02.17"]
[Round "8"]
[White "Gjelstrup, Ole"]
[Black "Frederiksen, Alan"]
[Result "0-1"]
[WhiteElo "1394"]
[BlackElo "1539"]
[PlyCount "96"]
[EventDate "2005.??.??"]


1. d4 d5 2. e4 dxe4 3. Nc3 Nf6 4. f3 exf3 5. Qxf3 g6 6. h3 Bg7 7. Be3 c6 8. Bc4
Nbd7 9. Nge2 Nb6 10. Bb3 Nbd5 11. Nxd5 cxd5 12. Nf4 e6 13. g4 O-O 14. h4 Nxg4
15. Qxg4 e5 16. Qg1 exf4 17. Bxf4 Re8+ 18. Kd2 Re4 19. Rf1 Rxd4+ 20. Kc1 Rxf4
21. Rxf4 Bh6 22. Qd4 Bxf4+ 23. Qxf4 Be6 24. h5 Qf8 25. h6 f5 26. Qe5 Re8 27.
Bxd5 Bf7 28. Bxf7+ Qxf7 29. Qd4 b6 30. Rd1 Qe7 31. Qd5+ Kf8 32. Kb1 Qe5 33. Qd7
Re7 34. Qd8+ Re8 35. Qd7 Re7 36. Qd8+ Kf7 37. a3 f4 38. Rd7 Qe6 39. Rxe7+ Qxe7
40. Qd5+ Kf6 41. Qd4+ Qe5 42. Qd8+ Qe7 43. Qd4+ Kg5 44. Qg7 Qe1+ 45. Ka2 f3 46.
Qxh7 f2 47. Qg7 Qe6+ 48. b3 Qf6 0-1

[Event "K41 Aabent Mesterskab 2005-06"]
[Site "Copenhagen"]
[Date "2006.02.14"]
[Round "8"]
[White "Ibsen, Johan"]
[Black "Christensen, Aage"]
[Result "1/2-1/2"]
[WhiteElo "1477"]
[BlackElo "1567"]
[PlyCount "80"]
[EventDate "2005.??.??"]


1. f4 d5 2. Nf3 c5 3. e3 Nc6 4. b3 a6 5. Bb2 e6 6. Be2 Nf6 7. O-O Be7 8. Qe1 d4
9. Qg3 O-O 10. exd4 cxd4 11. d3 Nd5 12. Bd1 Ne3 13. Re1 Nf5 14. Qf2 Bf6 15.
Nbd2 Be7 16. Ne4 b5 17. Ne5 Nxe5 18. fxe5 Bb7 19. Bc1 Rc8 20. Bg4 Ne3 21. Bxe3
dxe3 22. Qxe3 Bxe4 23. Qxe4 Rxc2 24. Rec1 Qc7 25. Rxc2 Qxc2 26. h3 Rc8 27. Qe2
Qxe2 28. Bxe2 Rc5 29. d4 Rc2 30. Kf2 Bg5 31. Rd1 Rxa2 32. d5 exd5 33. Rxd5 Kf8
34. g3 Be7 35. Ke3 Rb2 36. Bd1 Rh2 37. Bg4 Rg2 38. Kf4 Rf2+ 39. Ke3 Rc2 40. Rd3
Rc7 1/2-1/2

[Event "K41 Aabent Mesterskab 2005-06"]
[Site "Copenhagen"]
[Date "2006.02.14"]
[Round "8"]
[White "Katzmann, Svend Aage"]
[Black "Hansen, John Laurids"]
[Result "1-0"]
[WhiteElo "1388"]
[BlackElo "1538"]
[PlyCount "69"]
[EventDate "2005.??.??"]


1. d4 Nf6 2. Nf3 e6 3. Bg5 d5 4. e3 Nbd7 5. Bd3 Be7 6. Nbd2 c5 7. b3 O-O 8. O-O
a6 9. h3 b5 10. c3 c4 11. Bc2 cxb3 12. Bxb3 Nb6 13. Bxf6 Bxf6 14. Rc1 Bb7 15.
Ne1 Rc8 16. Nd3 Be7 17. f4 Ba3 18. Rc2 Rc7 19. Nb1 Qd6 20. Qf3 Qe7 21. Nxa3
Qxa3 22. f5 Qd6 23. f6 g6 24. Ne5 Rfc8 25. Qf4 Qf8 26. h4 h6 27. Rcf2 Rxc3 28.
Nxg6 fxg6 29. f7+ Kh7 30. Qg4 Rxe3 31. Rf6 Rcc3 32. Qxg6+ Kh8 33. Rxe6 Nd7 34.
Re8 Rxe8 35. fxe8=Q 1-0

[Event "K41 Aabent Mesterskab 2005-06"]
[Site "Copenhagen"]
[Date "2006.02.14"]
[Round "8"]
[White "Krogh, Soren"]
[Black "Nielsen, Richard Hjort"]
[Result "1-0"]
[WhiteElo "1288"]
[BlackElo "1336"]
[PlyCount "97"]
[EventDate "2005.??.??"]


1. d4 Nf6 2. c4 e6 3. Nc3 Bb4 4. Bg5 Be7 5. Nf3 O-O 6. e3 d5 7. Bd3 Nbd7 8. O-O
b6 9. Rc1 Bb7 10. a3 dxc4 11. Bxc4 Ne4 12. Bxe7 Qxe7 13. b4 Nxc3 14. Rxc3 Qf6
15. Qe2 Bxf3 16. Qxf3 Qxf3 17. gxf3 a6 18. Rfc1 c5 19. Be2 cxd4 20. exd4 Nf6
21. Rc7 Nd5 22. Rb7 Nf4 23. Bf1 Rfc8 24. Rxc8+ Rxc8 25. Rxb6 h6 26. Rxa6 Rc1
27. b5 Ne2+ 28. Kg2 Nxd4 29. b6 Rb1 30. a4 Rb3 31. a5 Nxf3 32. Ra8+ Kh7 33. Ba6
Nh4+ 34. Kg1 Rb1+ 35. Bf1 Nf3+ 36. Kg2 Nh4+ 37. Kg3 Nf5+ 38. Kg2 Nh4+ 39. Kh3
Rb4 40. Rb8 Nf5 41. a6 Rb3+ 42. Kg2 Nh4+ 43. Kh1 Rb1 44. Kg1 Nf3+ 45. Kg2 Nd2
46. a7 Ra1 47. a8=Q Rxa8 48. Rxa8 Nc4 49. b7 1-0

[Event "K41 Aabent Mesterskab 2005-06"]
[Site "Copenhagen"]
[Date "2006.02.14"]
[Round "8"]
[White "Lichtenberg, Ivan"]
[Black "Wadtland, Flemming"]
[Result "1-0"]
[WhiteElo "1289"]
[BlackElo "1168"]
[PlyCount "69"]
[EventDate "2005.??.??"]


1. e4 e5 2. Nf3 Nc6 3. Bb5 a6 4. Ba4 Nf6 5. O-O Be7 6. Re1 b5 7. Bb3 d6 8. c3
Na5 9. Bc2 c5 10. d3 h6 11. h3 Bd7 12. Be3 Bc6 13. Nbd2 Qc8 14. Nh4 g6 15. f4
Nxe4 16. Nxg6 fxg6 17. dxe4 exf4 18. Bxf4 Qe6 19. a4 g5 20. Bg3 Kd8 21. axb5
axb5 22. Nf1 Kc7 23. Nd2 Nb7 24. Nb3 Rhc8 25. Qe2 Bf8 26. Qe3 Kd8 27. Rad1 Ke8
28. Qe2 Bg7 29. Rf1 Rc7 30. Rf2 Rf7 31. Rdf1 Rxf2 32. Rxf2 Ke7 33. Nd2 Ra2 34.
Bb3 Rxb2 35. Bxe6 1-0

[Event "K41 Aabent Mesterskab 2005-06"]
[Site "Copenhagen"]
[Date "2006.02.14"]
[Round "8"]
[White "Nielsen, Jorgen Kamp"]
[Black "Christiansen, Erling Molbaek"]
[Result "0-1"]
[WhiteElo "1609"]
[BlackElo "1816"]
[PlyCount "38"]
[EventDate "2005.??.??"]


1. e4 e5 2. f4 d5 3. exd5 e4 4. d3 Qxd5 5. Nc3 Bb4 6. Bd2 Bxc3 7. Bxc3 Nf6 8.
Bxf6 gxf6 9. dxe4 Qxe4+ 10. Qe2 f5 11. g3 O-O 12. Bg2 Qb4+ 13. c3 Qc5 14. Qe5
Qxe5+ 15. fxe5 Re8 16. O-O-O Nc6 17. Bxc6 bxc6 18. Re1 Be6 19. b3 Bd5 0-1

[Event "K41 Aabent Mesterskab 2005-06"]
[Site "Copenhagen"]
[Date "2006.02.14"]
[Round "8"]
[White "Nielsen, Palle"]
[Black "Hou, Mads"]
[Result "1-0"]
[WhiteElo "1619"]
[BlackElo "1424"]
[PlyCount "81"]
[EventDate "2005.??.??"]


1. e4 e6 2. c3 d5 3. e5 c5 4. Qc2 Nc6 5. Nf3 Nge7 6. Bb5 Bd7 7. Bxc6 Bxc6 8. d4
Nf5 9. O-O cxd4 10. cxd4 Rc8 11. Nc3 Be7 12. Qd3 h5 13. a3 g5 14. Ne1 Qb6 15.
Nc2 a5 16. Rb1 a4 17. Rd1 Kd7 18. Ne3 Nxe3 19. Bxe3 Rcg8 20. Qc2 Qa6 21. Rbc1
Qc4 22. Rd3 g4 23. Qe2 Qa6 24. Qd1 h4 25. Rc2 g3 26. fxg3 hxg3 27. h3 Rh4 28.
Ne2 Bb5 29. Rdc3 Bc4 30. Nc1 b5 31. Qf3 Rh7 32. Nd3 Qa8 33. Nf4 Qf8 34. Bd2 Bg5
35. Nxd5 Bd8 36. Ne3 Ba5 37. Qb7+ Ke8 38. Qa8+ Bd8 39. Qc6+ Ke7 40. Rxc4 bxc4
41. Bb4# 1-0

[Event "K41 Aabent Mesterskab 2005-06"]
[Site "Copenhagen"]
[Date "2006.02.14"]
[Round "8"]
[White "Nielsen, Soren Skovso"]
[Black "Madsen, Poul Henrik"]
[Result "0-1"]
[WhiteElo "1638"]
[BlackElo "2026"]
[PlyCount "104"]
[EventDate "2005.??.??"]


1. d4 d5 2. Nf3 c6 3. e3 Bg4 4. Nbd2 Nd7 5. Be2 Ngf6 6. c3 e6 7. h3 Bf5 8. Nh4
Be4 9. Nxe4 Nxe4 10. Nf3 Bd6 11. Bd3 f5 12. Qc2 c5 13. dxc5 Nexc5 14. Be2 Ne4
15. Nd4 Qf6 16. Bh5+ g6 17. Be2 O-O 18. Bf3 Rac8 19. Ne2 Ne5 20. Nd4 Bb4 21.
Rb1 Nxc3 22. bxc3 Bxc3+ 23. Bd2 Bxd4 24. Qb3 Nxf3+ 25. gxf3 Bc3 26. Qd1 Bxd2+
27. Qxd2 Qc3 28. Ke2 Qc4+ 29. Kd1 Rc7 30. Rb4 Qc5 31. Re1 Rfc8 32. Ke2 a5 33.
Rb3 a4 34. Rd3 Qd6 35. Qa5 Rc2+ 36. Rd2 Rxd2+ 37. Kxd2 Qa3 38. Ke2 Qxa2+ 39.
Kf1 Qc4+ 40. Kg2 Qa6 41. Qb4 Kf7 42. Qd4 a3 43. e4 Qc6 44. exd5 Qxd5 45. Qb4 a2
46. Qh4 h5 47. Qa4 Rc3 48. Rd1 Qxf3+ 49. Kg1 Qc6 50. Rd7+ Ke8 51. Rd4 Qxa4 52.
Rxa4 Rc1+ 0-1

[Event "K41 Aabent Mesterskab 2005-06"]
[Site "Copenhagen"]
[Date "2006.02.14"]
[Round "8"]
[White "Ottosen, Peder"]
[Black "Truelsen, Ole Illum"]
[Result "1-0"]
[WhiteElo "1957"]
[BlackElo "1804"]
[PlyCount "37"]
[EventDate "2005.??.??"]


1. d4 e6 2. c4 f5 3. g3 Nf6 4. Bg2 d5 5. Nc3 c6 6. Nf3 Bd6 7. O-O O-O 8. Qb3
Kh8 9. Ne5 Qe7 10. Qa4 Bxe5 11. dxe5 Ng4 12. b3 Rf7 13. Ba3 Qd8 14. cxd5 exd5
15. Nxd5 cxd5 16. Bxd5 Rd7 17. e6 Rxd5 18. e7 Qd7 19. e8=R+ 1-0

[Event "K41 Aabent Mesterskab 2005-06"]
[Site "Copenhagen"]
[Date "2006.02.14"]
[Round "8"]
[White "Sorensen, Ken"]
[Black "Rubin, Jacob"]
[Result "0-1"]
[WhiteElo "1383"]
[BlackElo "1745"]
[PlyCount "80"]
[EventDate "2005.??.??"]


1. e4 c6 2. d4 d5 3. exd5 cxd5 4. Bd3 Nf6 5. c3 Nc6 6. Bf4 g6 7. Nd2 Bg7 8.
Ngf3 O-O 9. O-O Nh5 10. Be3 Bg4 11. h3 Bd7 12. Qc2 Rc8 13. Nb3 Nb4 14. Qd2 Nxd3
15. Qxd3 b6 16. a4 Qe8 17. Qa6 Rc7 18. g4 Nf6 19. Bf4 Bc8 20. Qd3 Rb7 21. Ne5
Ne4 22. f3 Nd6 23. Qe2 f6 24. Nd3 Qd7 25. Rfe1 Nc4 26. Nd2 Nd6 27. Nb4 Nf7 28.
Na6 e5 29. dxe5 fxe5 30. Bg3 b5 31. Nc5 Qc7 32. Nxb7 Bxb7 33. Qxb5 Ng5 34. Kg2
Qf7 35. Rf1 d4 36. Qd3 dxc3 37. bxc3 Ba8 38. Rae1 Ne6 39. Bxe5 Bxe5 40. Rxe5
Nf4+ 0-1

[Event "K41 Aabent Mesterskab 2005-06"]
[Site "Copenhagen"]
[Date "2006.02.14"]
[Round "8"]
[White "Taylor, Ralph"]
[Black "Gjedde, Thomas"]
[Result "1/2-1/2"]
[WhiteElo "1801"]
[BlackElo "1896"]
[PlyCount "63"]
[EventDate "2005.??.??"]


1. e4 e5 2. Nf3 Nc6 3. Bb5 a6 4. Ba4 Nf6 5. O-O Be7 6. Re1 b5 7. Bb3 d6 8. c3
O-O 9. h3 Na5 10. Bc2 c5 11. d4 cxd4 12. cxd4 Qc7 13. Nbd2 Nc6 14. Nf1 Bd7 15.
Bg5 exd4 16. Rc1 Qb6 17. Ng3 Rac8 18. a3 Rfe8 19. e5 dxe5 20. Nxe5 Nxe5 21.
Rxe5 h6 22. Bd2 Bd6 23. Rxe8+ Rxe8 24. Qf3 Bxg3 25. Qxg3 Ne4 26. Bxe4 Rxe4 27.
Rc7 Qe6 28. Bxh6 Qxh6 29. Rxd7 Qf6 30. Rd6 Re6 31. Rd5 g6 32. Qb8+ 1/2-1/2

[Event "K41 Aabent Mesterskab 2005-06"]
[Site "Copenhagen"]
[Date "2006.02.14"]
[Round "8"]
[White "Weber, John"]
[Black "Thygesen, Morten"]
[Result "0-1"]
[WhiteElo "1683"]
[BlackElo "1879"]
[PlyCount "68"]
[EventDate "2005.??.??"]


1. f4 e5 2. fxe5 d6 3. exd6 Bxd6 4. Nf3 Bg4 5. g3 h5 6. c3 Nf6 7. d4 h4 8. gxh4
Ne4 9. Qd3 Bxf3 10. exf3 Qxh4+ 11. Ke2 Ng3+ 12. hxg3 Qxh1 13. Qe4+ Kd7 14. Qf5+
Kd8 15. Bg5+ f6 16. Bh4 Re8+ 17. Kf2 Nd7 18. Nd2 Qh2+ 19. Bg2 g5 20. Rh1 Re2+
21. Kxe2 Qxg2+ 22. Ke3 Qxh1 23. Bxg5 fxg5 24. Qxg5+ Kc8 25. Qg8+ Bf8 26. Qg6
Kd8 27. Qg5+ Be7 28. Qg8+ Nf8 29. Qd5+ Kc8 30. Qf5+ Kb8 31. Qf7 Qh7 32. Qxh7
Nxh7 33. f4 Nf6 34. Nf3 Nh5 0-1

[Event "K41 Aabent Mesterskab 2005-06"]
[Site "Copenhagen"]
[Date "2006.02.21"]
[Round "9"]
[White "Akdag, Dara Sevkan"]
[Black "Sorensen, Ken"]
[Result "1-0"]
[WhiteElo "1719"]
[BlackElo "1383"]
[PlyCount "105"]
[EventDate "2005.??.??"]


1. d4 Nf6 2. c4 e6 3. Nc3 Bb4 4. a3 Bxc3+ 5. bxc3 b6 6. f3 d6 7. e4 Nbd7 8. Bd3
Nh5 9. Be3 O-O 10. Ne2 f5 11. Qd2 g6 12. O-O-O c5 13. g4 fxg4 14. fxg4 Ng7 15.
h4 e5 16. h5 gxh5 17. Bh6 Rf7 18. Bxg7 Rxg7 19. Rxh5 Nf6 20. Rg5 Qe7 21. dxe5
dxe5 22. Ng3 Nxg4 23. Rxg7+ Qxg7 24. Be2 Qh6 25. Qxh6 Nxh6 26. Rd8+ Kf7 27.
Bh5+ Ke7 28. Rh8 Kf6 29. Rxh7 Kg5 30. Be8 Bg4 31. Bc6 Rc8 32. Bd5 a5 33. Rb7
Kf4 34. Rxb6 Rh8 35. Nf1 Kg5 36. Ra6 Rf8 37. Nd2 Be2 38. Rxa5 Rc8 39. Nb3 Rf8
40. Nxc5 Rf1+ 41. Kb2 Rf2 42. Ne6+ Kh4 43. Kb3 Ng4 44. Ra7 Ne3 45. Kb4 Nd1 46.
a4 Nb2 47. a5 Nd3+ 48. Kb5 Bd1 49. a6 Rb2+ 50. Kc6 Bh5 51. Rh7 Ra2 52. a7 Ra6+
53. Kb7 1-0

[Event "K41 Aabent Mesterskab 2005-06"]
[Site "Copenhagen"]
[Date "2006.02.21"]
[Round "9"]
[White "Christensen, Aage"]
[Black "Eiholt, Bjarne"]
[Result "1-0"]
[WhiteElo "1567"]
[BlackElo "1588"]
[PlyCount "61"]
[EventDate "2005.??.??"]


1. d4 d5 2. Nf3 Nf6 3. c4 e6 4. Bg5 Be7 5. e3 c6 6. Nc3 O-O 7. Bd3 dxc4 8. Bxc4
b5 9. Bd3 a6 10. Rc1 Nbd7 11. O-O Bb7 12. e4 c5 13. e5 Nd5 14. Bxe7 Qxe7 15.
Nxd5 Bxd5 16. Qc2 h6 17. Be4 Bxe4 18. Qxe4 cxd4 19. Rc7 Nc5 20. Qc6 Qd8 21.
Qxc5 d3 22. Rd1 Rc8 23. Rxc8 Qxc8 24. Qxc8 Rxc8 25. Ne1 d2 26. Rxd2 Rc1 27. Kf1
a5 28. Rc2 Ra1 29. a3 b4 30. axb4 axb4 31. Rc4 1-0

[Event "K41 Aabent Mesterskab 2005-06"]
[Site "Copenhagen"]
[Date "2006.02.21"]
[Round "9"]
[White "Christensen, Henning"]
[Black "Katzmann, Svend Aage"]
[Result "1-0"]
[WhiteElo "1623"]
[BlackElo "1388"]
[PlyCount "62"]
[EventDate "2005.??.??"]


1. d4 Nf6 2. c4 g6 3. Nc3 Bg7 4. e4 d6 5. f4 O-O 6. Nf3 e6 7. Be2 c5 8. d5 exd5
9. cxd5 Re8 10. O-O Nxe4 11. Nxe4 Rxe4 12. Bd3 Re8 13. f5 gxf5 14. g4 fxg4 15.
Ng5 Bd4+ 16. Kh1 f5 17. Bxf5 Bxf5 18. Rxf5 Re5 19. Ne6 Rxe6 20. dxe6 Qh4 21.
Bg5 Qh3 22. Qa4 Nc6 23. e7 b5 24. Qxb5 Nxe7 25. Bxe7 g3 26. Qc4+ Kh8 27. Qc2
g2+ 28. Qxg2 Qxf5 29. Qxa8+ Kg7 30. Qg2+ Qg6 31. Qxg6+ hxg6 1-0

[Event "K41 Aabent Mesterskab 2005-06"]
[Site "Copenhagen"]
[Date "2006.02.21"]
[Round "9"]
[White "Christiansen, Erling Molbaek"]
[Black "Taylor, Ralph"]
[Result "0-1"]
[WhiteElo "1816"]
[BlackElo "1801"]
[PlyCount "86"]
[EventDate "2005.??.??"]


1. e4 c5 2. Nc3 e6 3. g3 Nc6 4. Bg2 Nf6 5. f4 d5 6. e5 Nd7 7. d3 Be7 8. Nf3 Qb6
9. O-O f5 10. exf6 Nxf6 11. Kh1 Bd6 12. Qe2 Bd7 13. Bh3 O-O-O 14. Bxe6 Rhe8 15.
Bxd7+ Rxd7 16. Qg2 Rde7 17. b3 d4 18. Na4 Qa6 19. Ne5 Nxe5 20. fxe5 Rxe5 21.
Bf4 Re2 22. Rf2 Rxf2 23. Qxf2 Qc6+ 24. Kg1 Ng4 25. Qf1 Bxf4 26. Qxf4 Ne3 27.
Qf2 Qd6 28. Nb2 Rf8 29. Qe2 Qe5 30. Re1 Re8 31. Nd1 Kc7 32. Nxe3 dxe3 33. a4
Qd4 34. Kg2 Qc3 35. h4 Re7 36. Kh3 Kb6 37. Rd1 Ka5 38. Qe1 Kb4 39. Kg2 Qxe1 40.
Rxe1 e2 41. Kf2 Kc3 42. Rxe2 Rxe2+ 43. Kxe2 Kxc2 0-1

[Event "K41 Aabent Mesterskab 2005-06"]
[Site "Copenhagen"]
[Date "2006.02.21"]
[Round "9"]
[White "Frederiksen, Alan"]
[Black "Krogh, Soren"]
[Result "1-0"]
[WhiteElo "1539"]
[BlackElo "1288"]
[PlyCount "27"]
[EventDate "2005.??.??"]


1. d4 d5 2. c4 c6 3. Nc3 e5 4. e3 dxc4 5. Bxc4 exd4 6. exd4 Bb4 7. Qb3 Qe7+ 8.
Be3 Be6 9. O-O-O Nf6 10. Bxe6 fxe6 11. Nf3 h6 12. Ne5 Rg8 13. Ng6 Qd6 14. Bf4
1-0

[Event "K41 Aabent Mesterskab 2005-06"]
[Site "Copenhagen"]
[Date "2006.02.21"]
[Round "9"]
[White "Gjedde, Thomas"]
[Black "Nielsen, Soren Skovso"]
[Result "1-0"]
[WhiteElo "1896"]
[BlackElo "1638"]
[PlyCount "73"]
[EventDate "2005.??.??"]


1. d4 Nf6 2. Nf3 e6 3. c4 b6 4. Nbd2 Bb7 5. e3 d6 6. Bd3 Nbd7 7. O-O Be7 8. b3
O-O 9. Bb2 d5 10. Qe2 Ne4 11. Rac1 Ndf6 12. Rfd1 Bd6 13. Bb1 Qe7 14. Ne5 Nxd2
15. Rxd2 Rac8 16. cxd5 Bxe5 17. dxe5 Nxd5 18. Qh5 f5 19. exf6 Nxf6 20. Bxf6
gxf6 21. Rcd1 Qg7 22. f3 Bc6 23. Rd4 f5 24. Bd3 Rcd8 25. Bc4 Rxd4 26. Bxe6+ Kh8
27. Rxd4 Be8 28. Qh4 c5 29. Rd1 Rf6 30. Bc4 Rg6 31. Qf2 Qe7 32. Qb2+ Rf6 33.
Qc3 b5 34. Bf1 b4 35. Qd2 Rd6 36. Qxd6 Qxe3+ 37. Kh1 1-0

[Event "K41 Aabent Mesterskab 2005-06"]
[Site "Copenhagen"]
[Date "2006.02.21"]
[Round "9"]
[White "Hansen, John Laurids"]
[Black "Gjelstrup, Ole"]
[Result "1-0"]
[WhiteElo "1538"]
[BlackElo "1394"]
[PlyCount "59"]
[EventDate "2005.??.??"]


1. e4 e5 2. Nf3 d6 3. Bc4 Bg4 4. d3 Nf6 5. Nc3 Nc6 6. h3 Bh5 7. Nd5 Be7 8. c3
Qd7 9. Nxf6+ Bxf6 10. O-O O-O-O 11. Nxe5 Nxe5 12. Qxh5 Rde8 13. Qe2 Nxc4 14.
dxc4 g5 15. Qf3 Qe6 16. Bd2 h5 17. Rfe1 g4 18. Qf5 gxh3 19. Qxh3 Qxh3 20. gxh3
Rhg8+ 21. Kf1 Bh4 22. Bf4 Re6 23. Re3 Reg6 24. Ke2 Rg2 25. Rf1 f6 26. Rf3 Kd7
27. Be3 b6 28. Rf5 Bg5 29. Bxg5 fxg5 30. Kf3 1-0